00485nam a2200133Ia 4500008004100000024005600041082002100097100008800118245004200206260002600248600002700274650003300301999001700334260210s9999 xx 000 0 und d a98A-12-EE, 98A-31-EE, 98A-30-EE & 98A-11-EE a621.38928072 MUH aMuhammed Irfan Nadeem, Mohammed Athar Shaikh, Zeeshan Zafar & Syed Farhan Anjum 0aMicrocontroller Based Security System aKarachi:bUITU,c1998 aElectronic Engineering aBachelor of Engineering (BE) c32853d32853